00351nam a22000977a 4500008004100000082001800041245012300059260003700182300001000219710002400229230609b xxu||||| |||| 00| 0 eng d a354.6200bGOK a Report of the Public Accounts Committee on the Government of Kenya Accounts for the Year 1997/98cGovernment of Kenya aKenyabGovernment of Kenyac1998 a496 p bGovernment of Kenya